| 000 | nam a22 a 4500 | ||
|---|---|---|---|
| 999 |
_c2019 _d2019 |
||
| 003 | AKMAL | ||
| 005 | 20170515105821.0 | ||
| 008 | 170515s1993 my f00 may d | ||
| 020 |
_a9679933199 (kkt.): _cRgt. 40.00 |
||
| 040 | _aAKMAL | ||
| 082 | 0 | 4 | _a354.595 WAR |
| 090 |
_a354.595 _bWAR |
||
| 245 | 1 |
_aWarisan gemilang : _bkumpulan rencana pilihan Buletin INTAN 1976-1991 / _cketua editor Mohd. Affandi bin Hasan ... [et al.] |
|
| 260 |
_aKuala Lumpur : _bInstitut Tadbiran Awam Negara, _c1993 |
||
| 300 |
_axxi, 350ms. ; _c25cm |
||
| 504 | _aMengandungi rujukan bibliografi | ||
| 650 |
_aPublic administration _zMalaysia _9419 |
||
| 650 |
_aCivil service _zMalaysia _9420 |
||
| 650 |
_aCivil service _xIn service training _zMalaysia _94186 |
||
| 650 |
_aManagement _91462 |
||
| 650 |
_aGovernment executives _zMalaysia _94187 |
||
| 700 | 0 |
_aMohd. Affandi Hassan, _d1943- _91893 |
|
| 710 | 2 |
_aBuletin INTAN _94188 |
|
| 710 | 2 |
_aInstitut Tadbiran Awam Negara _9410 |
|
| 942 |
_2ddc _cBOOK |
||